A search for the apex of America: high mountain climbing in Peru and Bolivia including the conquest of Huascarán; with some observation on the country and people below.

Na minha lista:
Detalhes bibliográficos
Autor principal: Peck, Annie S. (Author)
Formato: Livro
Idioma:inglês
Publicado em: New York, USA Dodd, Mead and Company 1911
Assuntos:
Tags: Adicionar Tag
Sem tags, seja o primeiro a adicionar uma tag!

MARC

LEADER 00000nam a2200000 a 4500
001 UCJ4968
003 CL-VaPUC
005 20250227100122.0
008 070124e19111000US |||||||||||||||||eng|d
999 |c 321082  |d 321080 
040 |c Pontificia Universidad Católica de Valparaíso 
082 0 4 |a 910.4 PEC 1911  |2 21 
100 |a Peck, Annie S.  |e author  |9 512008 
245 1 2 |a A search for the apex of America: high mountain climbing in Peru and Bolivia including the conquest of Huascarán; with some observation on the country and people below. 
260 0 3 |a New York, USA  |b Dodd, Mead and Company  |c 1911 
300 |a 370 páginas. 
500 |a Front., retrato de la autora; mapa e ilustraciones conforme a lo señalado en el índice. Dedicatoria autógrafa de la autora para el señor M. G. Ballivián 
583 |a last modification  |c 20130628 04:35:01  |k Rodrigo Vera 
600 0 7 |a LEGUIA, A. B.  |2 CL-VaPUC  |9 509570 
600 0 7 |a BALLIVIAN, M. G.  |2 CL-VaPUC  |9 509571 
650 0 |a Viajes  |9 257115 
650 7 |a MONTAÑISMO  |2 CL-VaPUC  |9 384709 
650 0 |a Arqueología   |9 265619 
650 0 |a Aborígenes  |9 329972 
650 0 |a Mapas  |9 260844 
650 7 |a PRESIDENTES DEL PERU  |2 CL-VaPUC  |9 509572 
650 0 |a Autógrafos   |9 446110 
651 0 |a Bolivia  |9 255454 
651 7 |a TITICACA  |2 CL-VaPUC  |9 509465  |z BOLIVIA 
651 7 |a HUSCARAN  |2 CL-VaPUC  |9 509573  |z PERU 
651 0 |a Perú  |9 256567 
651 7 |a TIAHUANACO  |2 CL-VaPUC  |9 507239  |z PERU 
942 |c BK  |2 ddc 
945 |d 20070124 00:00:00  |a rinostro 
952 |0 0  |1 0  |2 ddc  |4 0  |6 910_400000000000000_PEC_1911  |7 0  |8 X  |9 399744  |a FDOBUD  |b FDOBUD  |d 2019-11-22  |i 1028375  |o 910.4 PEC 1911  |p 1028375  |r 2019-11-22  |t 1  |w 2019-11-22  |y BK_X  |k BUD